| 000 | 00978cam a2200313 i 4500 | ||
|---|---|---|---|
| 001 | 000020085 | ||
| 003 | DO-SdBNP | ||
| 005 | 20240405152924.0 | ||
| 007 | ta | ||
| 008 | 771220s2000 dr 000 faspa d | ||
| 020 | _a848130199X | ||
| 040 |
_aDO-SdBNP _bspa _cBNPHU _erda |
||
| 082 | 4 |
_a928.61 _bN454co _222 |
|
| 100 | 1 |
_aNeruda, Pablo, _d1904-1973 _99164 _erda |
|
| 245 | 1 | 0 |
_aConfieso que he vivido / _cPablo Neruda. |
| 260 | _aSanto Domingo : | ||
| 264 |
_aSanto Domingo : _bEl Siglo ; _c2000. |
||
| 300 |
_a383 páginas ; _c21 cm. |
||
| 336 |
_2rdacontent _atexto _btxt |
||
| 337 |
_2rdamedia _asin medición _bn |
||
| 338 |
_2rdacarrier _avolumen _bnc |
||
| 490 | 1 |
_aJoyas del milenio _v3 |
|
| 590 | _aInventariado, 2020/LP | ||
| 600 | 1 | 4 |
_aNeruda, Pablo, _d1904-1973 _99164 |
| 650 | 4 |
_aPoetas chilenos _ySiglo XX _xBiografías _942667 |
|
| 650 | 4 |
_aEscritores chilenos _ySiglo XX _vBiografías _942668 |
|
| 910 | _aValidado. Control de calidad MFF | ||
| 942 |
_2ddc _cLBS1 |
||
| 999 |
_c19593 _d19593 |
||